| 000 | 00978cam a22003258a 4500 | ||
|---|---|---|---|
| 999 |
_c353 _d353 |
||
| 001 | .b1344122x | ||
| 003 | OCoLC | ||
| 005 | 20190807093938.0 | ||
| 008 | 060321r20062005enk b 001 0 eng | ||
| 020 | _a0192806009 (pbk.) | ||
| 020 | _a9780192806000 (pbk.) | ||
| 035 | _aitk05055553 | ||
| 040 |
_aUKM _cUKM _dBAKER _dYDXCP _dBTCTA _dNKFUST |
||
| 041 | _aeng | ||
| 082 | 0 | 4 | _a615.909 EMS |
| 100 | 1 |
_aEmsley, John. _eauthor |
|
| 245 | 1 | 4 |
_aThe elements of murder : _ba history of poison / _cJohn Emsley. |
| 260 |
_aOxford : _bOxford University Press, _c2006. |
||
| 300 |
_axiii, 418 p. ; _c20 cm. |
||
| 500 | _aOriginally published: 2005. | ||
| 504 | _aIncludes bibliographical references and index. | ||
| 650 | 0 | _aPoisons. | |
| 650 | 0 | _aToxicology. | |
| 650 | 0 |
_aPoisons _xTherapeutic use. |
|
| 650 | 0 |
_aPoisons _xHistory. |
|
| 650 | 0 | _aPoisoning. | |
| 690 | _aDDC615.909. | ||
| 690 | _a96ExcelTeachBook(ed)教學卓越計畫(工院-環安系) | ||
| 942 |
_2ddc _cNFIC |
||